00283nam a2200121Ia 45000030006000000080041000060400015000471000028000622450033000902600009001235460012001320050017001440STCL150530s9999 xx 000 0 und d aSTCLcSTCL aSilver Ster Ezumala Ed. aNaveekarana Varsha Smaranika c1978 aEnglish20220125165724.0